| 000 | 00393nam a2200181Ia 4500 | ||
|---|---|---|---|
| 008 | 210210b1962 xxu||||| |||| 00| 0 eng d | ||
| 041 | _aeng | ||
| 082 | _a829/174 | ||
| 100 | _aCONAN (Doyle) | ||
| 245 | _aHis last bow | ||
| 260 |
_aLondon _bJohn Murray _c1962 |
||
| 650 | _alast | ||
| 650 | _aHis | ||
| 650 | _abow | ||
| 690 | _aEnglish Fiction | ||
| 700 | _aARTHUR | ||
| 906 | _a016780 | ||
| 999 |
_c136467 _d136467 |
||